[Event "7.Città di Padova Open B"]
[Site "Padova"]
[Date "2004.12.12"]
[Round "3.24"]
[White "Bano, Paolo"]
[Black "Scandiuzzi, Roberto"]
[Result "1-0"]
[WhiteElo "1440"]
[BlackElo "1560"]
[Annotator "Gabriele Ballarin"]
[PlyCount "107"]
[EventDate "2004.12.11"]
[EventType "swiss"]
[EventRounds "6"]
[EventCountry "ITA"]

1. e4 b6 2. g3 Bb7 3. Bg2 e6 4. c4 c5 5. Nc3 Nc6 6. Nf3 d6 7. O-O Be7 8. b3 Nf6 9. Re1 e5 10. Nd5 O-O 11. d3 h6 12. Nh4 Nxd5 13. exd5 Nd4 14. Nf3 Bc8 15. Nxd4 exd4 16. Bd2 f5 17. f4 a5 18. Qh5 Ra7 19. Re2 Qe8 20. Qf3 Qf7 21. Rae1 Re8 22. a3 Rd8 23. Bh3 Bf8 24. b4 axb4 25. axb4 Bd7 26. Qf2 Rda8 27. Bc1 cxb4 28. Qxd4 b3 29. Qxb6 Ba4 30. Rb2 Re8 31. Rxe8 Qxe8 32. Be3 Qh5 33. Qxa7 Be8 34. Kg2 Qd1 35. Bxf5 Bh5 36. Be4 Be2 37. Rxe2 Qxe2+ 38. Bf2 b2 39. Qa2 Be7 40. Qb1 Bf6 41. d4 Bxd4 42. Qc2 Qxf2+ 43. Qxf2 Bxf2 44. Kxf2 Kf7 45. Ke2 Ke7 46. Kd2 Kd7 47. Kc2 Kc7 48. Kxb2 Kb6 49. Kc3 Kc5 50. f5 Kb6 51. g4 Kc7 52. Kd4 Kd7 53. c5 dxc5+ 54. Kxc5 1-0

[Event "7.Città di Padova Open B"]
[Site "Padova"]
[Date "2004.12.12"]
[Round "3.25"]
[White "Bassetto, Silvano"]
[Black "Gouveia, Daniel"]
[Result "0-1"]
[WhiteElo "1535"]
[BlackElo "1440"]
[Annotator "Gabriele Ballarin"]
[PlyCount "108"]
[EventDate "2004.12.11"]
[EventType "swiss"]
[EventRounds "6"]
[EventCountry "ITA"]

1. e4 c5 2. Nf3 d6 3. d4 cxd4 4. Nxd4 Bd7 5. Bc4 Nf6 6. Nc3 Nc6 7. Bg5 Nxd4 8. Qxd4 a6 9. O-O e6 10. Rae1 Be7 11. Bxf6 Bxf6 12. Qxd6 Be7 13. Qd2 Qb6 14. Bb3 Rd8 15. Qe2 O-O 16. Rd1 Qc7 17. Rd3 Bc6 18. Rfd1 Rxd3 19. Rxd3 Bd6 20. g3 b5 21. Qd1 Bc5 22. a3 Qb6 23. Qe1 Rd8 24. Rxd8+ Qxd8 25. e5 Qd4 26. h4 a5 27. Qe3 Qxe3 28. fxe3 Bxe3+ 29. Kf1 Bd4 30. Ke2 Bxe5 31. g4 g6 32. Ke3 Kf8 33. a4 b4 34. Nd1 Ke7 35. c3 bxc3 36. bxc3 f5 37. gxf5 gxf5 38. Bc2 h5 39. Kf2 Kf6 40. c4 Bd4+ 41. Ke2 e5 42. Nf2 Bxf2 43. Kxf2 e4 44. Ke3 Ke5 45. Bd1 f4+ 46. Kf2 f3 47. Ke3 Kf5 48. Bc2 Ke5 49. Bd1 Kf5 50. Bc2 Kg4 51. c5 Kxh4 52. Bxe4 Bxe4 53. Kxe4 f2 54. c6 f1=Q 0-1

[Event "7.Città di Padova Open B"]
[Site "Padova"]
[Date "2004.12.18"]
[Round "4.1"]
[White "Ungaro, Olindo"]
[Black "Porta, Federico"]
[Result "1-0"]
[WhiteElo "1999"]
[BlackElo "1799"]
[Annotator "Gabriele Ballarin"]
[PlyCount "103"]
[EventDate "2004.12.11"]
[EventType "swiss"]
[EventRounds "6"]
[EventCountry "ITA"]

1. e4 d5 2. exd5 Qxd5 3. Nc3 Qa5 4. d4 Nf6 5. Nf3 Bf5 6. Bc4 e6 7. Bd2 c6 8. Ne4 Qc7 9. Nxf6+ gxf6 10. Bb3 Nd7 11. Qe2 Bd6 12. Nh4 Bg6 13. g3 O-O-O 14. O-O-O Kb8 15. f4 Rhe8 16. Rhe1 c5 17. f5 c4 18. Ba4 b5 19. Bxb5 exf5 20. Qxc4 Re4 21. Rxe4 fxe4 22. Qxc7+ Bxc7 23. Re1 f5 24. Bxd7 Rxd7 25. c3 Bd8 26. Bf4+ Kc8 27. Ng2 Bh5 28. Ne3 Bg6 29. Rf1 Be7 30. Bh6 Bd8 31. Bf4 Be7 32. b4 Kb7 33. Rd1 Kc8 34. Kb2 Bh5 35. Rd2 Bg6 36. a3 f6 37. c4 a5 38. c5 axb4 39. axb4 Rb7 40. Kc3 Ra7 41. Kb3 Bf7+ 42. d5 Rb7 43. Kc4 Ra7 44. Nxf5 Bf8 45. Bd6 Bg6 46. Bxf8 Bxf5 47. Bh6 Ra3 48. Rf2 Bg6 49. Rxf6 e3 50. Rf8+ Kd7 51. c6+ Ke7 52. c7 1-0

[Event "7.Città di Padova Open B"]
[Site "Padova"]
[Date "2004.12.18"]
[Round "4.4"]
[White "Vishanji, Adrian"]
[Black "Demiraj, Rumi"]
[Result "1/2-1/2"]
[WhiteElo "1440"]
[BlackElo "1910"]
[Annotator "Gabriele Ballarin"]
[PlyCount "113"]
[EventDate "2004.12.11"]
[EventType "swiss"]
[EventRounds "6"]
[EventCountry "ITA"]

1. e4 Nf6 2. e5 Nd5 3. c4 Nb6 4. d4 d6 5. exd6 exd6 6. Nc3 Be7 7. b3 O-O 8. Bd3 Bf6 9. Nge2 Bg4 10. Be3 c5 11. Qc2 Bxe2 12. Bxh7+ Kh8 13. Nxe2 Qe8 14. Qf5 g6 15. Qxf6+ Kxh7 16. Qh4+ Kg8 17. Bh6 Qd8 18. Qf4 Re8 19. Bg5 Qc7 20. Bf6 N8d7 21. dxc5 Qxc5 22. Bd4 Qc6 23. f3 Re7 24. Kf2 Rae8 25. Rhe1 Ne5 26. Rad1 Nbd7 27. Bc3 Nc5 28. Qd4 Qb6 29. Kg3 Rd7 30. f4 Qc6 31. fxe5 Ne4+ 32. Kh3 Rxe5 33. Nf4 Rde7 34. Rxe4 Qxe4 35. Qxe4 Rxe4 36. Nd5 Re3+ 37. Nxe3 Rxe3+ 38. g3 Rxc3 39. Rxd6 Rc2 40. Rd7 Rxa2 41. Rxb7 a5 42. c5 Kf8 43. c6 Rc2 44. c7 Ke8 45. Ra7 Kd7 46. c8=Q+ Kxc8 47. Rxf7 Rc5 48. Kg4 Rb5 49. Rf6 Rxb3 50. Rxg6 a4 51. Ra6 Rb4+ 52. Kh5 Kb7 53. Rf6 a3 54. Rf1 a2 55. Ra1 Rb2 56. h4 Kc6 57. Kg5 {...} 1/2-1/2

[Event "7.Città di Padova Open B"]
[Site "Padova"]
[Date "2004.12.18"]
[Round "4.10"]
[White "Negro, Raffaele"]
[Black "Facchin, Francesco"]
[Result "1-0"]
[WhiteElo "1775"]
[BlackElo "1440"]
[Annotator "Gabriele Ballarin"]
[PlyCount "35"]
[EventDate "2004.12.11"]
[EventType "swiss"]
[EventRounds "6"]
[EventCountry "ITA"]

1. d4 Nf6 2. Nf3 d5 3. e3 e6 4. Bd3 Bd6 5. O-O O-O 6. Nbd2 Nbd7 7. Re1 e5 8. e4 dxe4 9. Nxe4 Nxe4 10. Rxe4 exd4 11. Rh4 g6 12. Bh6 Be7 13. Rxd4 Re8 14. Bc4 Bf6 15. Rf4 Re7 16. Rxf6 Re1+ 17. Qxe1 Qxf6 18. Qe8+ 1-0

[Event "7.Città di Padova Open B"]
[Site "Padova"]
[Date "2004.12.18"]
[Round "4.17"]
[White "Borgato, Alessandro"]
[Black "Menini, Luca"]
[Result "0-1"]
[WhiteElo "1625"]
[BlackElo "1715"]
[Annotator "Gabriele Ballarin"]
[PlyCount "67"]
[EventDate "2004.12.11"]
[EventType "swiss"]
[EventRounds "6"]
[EventCountry "ITA"]

1. e4 e6 2. d4 d5 3. exd5 exd5 4. Bd3 Bd6 5. Nf3 Bg4 6. O-O Ne7 7. Re1 Nd7 8. Bg5 f6 9. Bh4 O-O 10. c3 c6 11. Nbd2 Re8 12. Qc2 Nf8 13. h3 Bh5 14. Bg3 Bxg3 15. fxg3 Bg6 16. g4 Bxd3 17. Qxd3 Qd7 18. Re2 Neg6 19. Rxe8 Rxe8 20. Re1 Rxe1+ 21. Nxe1 Qe6 22. Qf1 Ne7 23. Nef3 Nfg6 24. Qe1 Kf7 25. Qxe6+ Kxe6 26. g3 Nc8 27. Kf2 Nd6 28. Ne1 Ne7 29. Nd3 b6 30. b3 g5 31. Nf1 Ne4+ 32. Kf3 Nxc3 33. a3 Nb5 34. a4 0-1

[Event "7.Città di Padova Open B"]
[Site "Padova"]
[Date "2004.12.18"]
[Round "4.20"]
[White "Bano, Paolo"]
[Black "Pomaro, Alberto"]
[Result "0-1"]
[WhiteElo "1440"]
[BlackElo "1697"]
[Annotator "Gabriele Ballarin"]
[PlyCount "67"]
[EventDate "2004.12.11"]
[EventType "swiss"]
[EventRounds "6"]
[EventCountry "ITA"]

1. e4 e6 2. d4 d5 3. e5 c5 4. c3 Nc6 5. Nf3 Qb6 6. Bd3 Bd7 7. a3 c4 8. Bc2 O-O-O 9. O-O Na5 10. Nbd2 f6 11. Re1 f5 12. Rb1 h6 13. h4 Be7 14. h5 Be8 15. Nh2 Kb8 16. f4 g5 17. hxg6 Bxg6 18. Ndf1 h5 19. Qf3 h4 20. b4 Nc6 21. Be3 Nh6 22. Bf2 Ng4 23. Nxg4 fxg4 24. Qe2 Bxc2 25. Qxc2 Rdf8 26. Be3 Rf5 27. g3 Qd8 28. Re2 Rfh5 29. Rh2 Bf8 30. Re1 Ne7 31. Ree2 Nf5 32. Reg2 hxg3 33. Rxh5 Rxh5 34. Qe2 0-1

[Event "7.Città di Padova Open B"]
[Site "Padova"]
[Date "2004.12.18"]
[Round "4.21"]
[White "Gouveia, Daniel"]
[Black "Sanavio, Giancarlo"]
[Result "0-1"]
[WhiteElo "1440"]
[BlackElo "1685"]
[Annotator "Gabriele Ballarin"]
[PlyCount "86"]
[EventDate "2004.12.11"]
[EventType "swiss"]
[EventRounds "6"]
[EventCountry "ITA"]

1. d4 d5 2. Nf3 c6 3. e3 Nf6 4. c4 e6 5. Nc3 Nbd7 6. a3 Be7 7. cxd5 exd5 8. Bd3 O-O 9. O-O Nb6 10. Qc2 h6 11. b3 Be6 12. Bb2 Nbd7 13. b4 Bd6 14. Rac1 Re8 15. Rfe1 Rc8 16. Qb1 Bg4 17. Nd2 Nf8 18. f3 Bh5 19. e4 dxe4 20. fxe4 Bf4 21. Qc2 Qxd4+ 22. Kh1 Qd7 23. Rb1 Rcd8 24. e5 Ng4 25. Nf3 Qxd3 26. Qb3 Nf2+ 27. Kg1 Nh3+ 28. Kh1 Bxf3 29. Rf1 Bd5 30. Rbd1 Qxf1+ 31. Rxf1 Bxb3 32. gxh3 Bxe5 33. Kg2 Rd2+ 34. Rf2 Rxf2+ 35. Kxf2 Bd4+ 36. Kf3 Re3+ 37. Kf4 g5+ 38. Kf5 Bc2+ 39. Kg4 Bxc3 40. Bxc3 Rxc3 41. h4 f5+ 42. Kh5 Bd1+ 43. Kxh6 Rh3 0-1

[Event "7.Città di Padova Open B"]
[Site "Padova"]
[Date "2004.12.18"]
[Round "4.22"]
[White "Zabeo, Gianpaolo"]
[Black "Cipolotti, Piersilvio"]
[Result "0-1"]
[WhiteElo "1440"]
[BlackElo "1679"]
[Annotator "Gabriele Ballarin"]
[PlyCount "56"]
[EventDate "2004.12.11"]
[EventType "swiss"]
[EventRounds "6"]
[EventCountry "ITA"]

1. d4 Nc6 2. c4 e5 3. d5 Nce7 4. e4 Ng6 5. Bd3 Bc5 6. f3 Nh4 7. Qc2 d6 8. Qe2 Qf6 9. Be3 Bxe3 10. g3 Bxg1 11. gxh4 Qxh4+ 12. Kd1 Qf2 13. Nd2 Qxe2+ 14. Kxe2 Bc5 15. h4 Ne7 16. h5 h6 17. Kd1 O-O 18. Kc2 f5 19. Nf1 fxe4 20. Bxe4 c6 21. Ne3 Bxe3 22. Rhd1 cxd5 23. cxd5 Bf5 24. Rd3 Bxe4 25. fxe4 Rac8+ 26. Kb3 Bd4 27. Rd2 Rf3+ 28. Kb4 Re3 0-1

[Event "7.Città di Padova Open B"]
[Site "Padova"]
[Date "2004.12.19"]
[Round "5.6"]
[White "Penzo, Michele"]
[Black "Vishanji, Adrian"]
[Result "1/2-1/2"]
[WhiteElo "1724"]
[BlackElo "1440"]
[Annotator "Gabriele Ballarin"]
[PlyCount "102"]
[EventDate "2004.12.11"]
[EventType "swiss"]
[EventRounds "6"]
[EventCountry "ITA"]

1. d4 Nf6 2. g3 e6 3. c4 d5 4. Bg2 b6 5. Nf3 Bb7 6. Nc3 dxc4 7. Qa4+ Nbd7 8. Qxc4 c5 9. dxc5 Bxc5 10. b4 Be7 11. O-O Rc8 12. Qb3 O-O 13. Bb2 Nd5 14. a3 Bf6 15. Rac1 Nxc3 16. Bxc3 Bd5 17. Qb2 Bxc3 18. Rxc3 f5 19. Rfc1 Rxc3 20. Qxc3 Qa8 21. Nh4 f4 22. Qc7 Nf6 23. gxf4 Qe8 24. Qe5 Bxg2 25. Nxg2 Nd5 26. e4 Nf6 27. Rc7 Qg6 28. Qxe6+ Kh8 29. f3 Qh5 30. Qe7 Rg8 31. Kf2 Qxh2 32. Rxa7 Nh5 33. Qg5 Rc8 34. Rc7 Ra8 35. Rc3 h6 36. Qg4 Rf8 37. Rc8 Rxc8 38. Qxc8+ Kh7 39. Qg4 Qh1 40. Nh4 Qh2+ 41. Ke3 Nf6 42. Qg6+ Kg8 43. Nf5 Nh5 44. Nxh6+ Kh8 45. Nf7+ Kg8 46. Nh6+ Kh8 47. Ng4 Qg1+ 48. Kd2 Qd4+ 49. Kc2 Qc4+ 50. Kb2 Qe2+ 51. Kb1 Qd1+ 1/2-1/2

[Event "7.Città di Padova Open B"]
[Site "Padova"]
[Date "2004.12.19"]
[Round "5.14"]
[White "Quaranta, Gaetano"]
[Black "Rigo, Caterina"]
[Result "0-1"]
[WhiteElo "1700"]
[BlackElo "1667"]
[Annotator "Gabriele Ballarin"]
[PlyCount "74"]
[EventDate "2004.12.11"]
[EventType "swiss"]
[EventRounds "6"]
[EventCountry "ITA"]

1. e4 d6 2. c4 Nf6 3. Nc3 g6 4. Nf3 Bg7 5. d4 Nbd7 6. Be2 O-O 7. O-O e5 8. d5 Nc5 9. Qc2 a5 10. Be3 Ncd7 11. a3 Ng4 12. Bg5 f6 13. Bh4 Nb6 14. h3 Nh6 15. c5 dxc5 16. Nxe5 g5 17. Nf3 gxh4 18. Nxh4 f5 19. Nf3 fxe4 20. Nd2 Nf5 21. Ndxe4 Nd4 22. Qd1 Nxe2+ 23. Qxe2 Nxd5 24. Nxc5 Nxc3 25. bxc3 Qd5 26. Ne4 Bf5 27. Ng3 Bd3 28. Qd2 Qc4 29. Rfc1 Rad8 30. Qg5 Qf4 31. Qxa5 Qxf2+ 32. Kh2 Bh6 33. Qxc7 Bf4 34. Qxb7 Qxg3+ 35. Kg1 Bxc1 36. Qb3+ Kh8 37. Rxc1 Qe3+ 0-1

[Event "7.Città di Padova Open B"]
[Site "Padova"]
[Date "2004.12.19"]
[Round "5.16"]
[White "Facchin, Francesco"]
[Black "Jimchi, Abdelaziz"]
[Result "1-0"]
[WhiteElo "1440"]
[BlackElo "1820"]
[Annotator "Gabriele Ballarin"]
[PlyCount "119"]
[EventDate "2004.12.11"]
[EventType "swiss"]
[EventRounds "6"]
[EventCountry "ITA"]

1. d4 Nf6 2. c4 g6 3. Nc3 Bg7 4. e4 d6 5. Nf3 O-O 6. Be2 Nbd7 7. O-O e5 8. d5 Nc5 9. Bg5 h6 10. Bxf6 Bxf6 11. Qd2 Bg7 12. b4 Nd7 13. Rab1 f5 14. Bd3 f4 15. Ne2 Nf6 16. c5 Nh5 17. Nc3 g5 18. h3 a6 19. c6 b6 20. Qe2 Qe8 21. Nh2 Qf7 22. a4 f3 23. Qxf3 Qxf3 24. Nxf3 Bxh3 25. Be2 Nf4 26. gxh3 Nxe2+ 27. Nxe2 Rxf3 28. Kg2 Raf8 29. Ng3 R3f4 30. f3 Ra8 31. a5 b5 32. Nf5 Kf7 33. Kf2 h5 34. Kg3 Bf6 35. Ra1 Rg8 36. Nh6+ Kf8 37. Nxg8 Kxg8 38. Kf2 g4 39. Rg1 Bh4+ 40. Ke2 g3 41. Rg2 Kf7 42. Rag1 Rf6 43. Rxg3 Bxg3 44. Rxg3 Rg6 45. Kf2 Rh6 46. h4 Rh8 47. Rg5 Kf6 48. Ke3 Kf7 49. f4 exf4+ 50. Kxf4 Kf8 51. e5 dxe5+ 52. Kxe5 Kf7 53. d6 Re8+ 54. Kd5 cxd6 55. Kxd6 Re4 56. Kc7 Rxh4 57. Kb7 Rxb4 58. c7 Rc4 59. c8=Q Rxc8 60. Kxc8 1-0

[Event "7.Città di Padova Open B"]
[Site "Padova"]
[Date "2004.12.19"]
[Round "5.22"]
[White "Zabeo, Gianpaolo"]
[Black "Bassetto, Silvano"]
[Result "1/2-1/2"]
[WhiteElo "1440"]
[BlackElo "1535"]
[Annotator "Gabriele Ballarin"]
[PlyCount "96"]
[EventDate "2004.12.11"]
[EventType "swiss"]
[EventRounds "6"]
[EventCountry "ITA"]

1. d4 Nf6 2. Nc3 d5 3. Bf4 a6 4. Nf3 g6 5. e3 Bg7 6. Be2 O-O 7. O-O Nc6 8. Re1 Bf5 9. Ne5 Nb4 10. Bd3 Be6 11. Ne2 Qc8 12. Ng3 c5 13. c3 Nxd3 14. Qxd3 c4 15. Qc2 b5 16. e4 Qb7 17. Re3 Ne8 18. Qe2 Nd6 19. Re1 dxe4 20. Nxe4 Nxe4 21. Rxe4 Bf5 22. Re3 f6 23. Ng4 e6 24. Nh6+ Bxh6 25. Bxh6 Rf7 26. Rxe6 Bxe6 27. Qxe6 Qd7 28. Kf1 f5 29. Qe2 Qd8 30. Bf4 g5 31. Be5 Re7 32. Qh5 Rxe5 33. Rxe5 Qf6 34. Re8+ Rxe8 35. Qxe8+ Kg7 36. f3 f4 37. Kf2 Qf5 38. Qe4 Qf6 39. g4 h6 40. d5 Qg6 41. Qxg6+ Kxg6 42. b3 Kf6 43. Ke2 Ke5 44. a4 Kxd5 45. axb5 axb5 46. b4 Ke6 47. Kf2 Kf6 48. Kg2 Kg6 {...} 1/2-1/2

[Event "7.Città di Padova Open B"]
[Site "Padova"]
[Date "2004.12.19"]
[Round "5.23"]
[White "Cestonaro, Federico"]
[Black "Bano, Paolo"]
[Result "1-0"]
[WhiteElo "1535"]
[BlackElo "1440"]
[Annotator "Gabriele Ballarin"]
[PlyCount "51"]
[EventDate "2004.12.11"]
[EventType "swiss"]
[EventRounds "6"]
[EventCountry "ITA"]

1. d4 e6 2. c4 c5 3. d5 exd5 4. cxd5 d6 5. Nf3 g6 6. Nc3 Bg7 7. e4 Nf6 8. Bd3 O-O 9. O-O Re8 10. h3 a6 11. a4 b6 12. Re1 Nbd7 13. Bf4 Qc7 14. Nd2 Ne5 15. Nc4 Nxc4 16. Bxc4 Nd7 17. Qd2 Ne5 18. Bb3 Bd7 19. Bg3 Bxh3 20. Bxe5 Bxg2 21. Bxg7 Bxe4 22. Nxe4 Kxg7 23. Qg5 Qd8 24. Qxd8 Raxd8 25. Nc3 Rf8 26. Re7 1-0

[Event "7.Città di Padova Open B"]
[Site "Padova"]
[Date "2004.12.19"]
[Round "6.4"]
[White "Bellemo, Davide"]
[Black "Demiraj, Rumi"]
[Result "1-0"]
[WhiteElo "1715"]
[BlackElo "1910"]
[Annotator "Gabriele Ballarin"]
[PlyCount "63"]
[EventDate "2004.12.11"]
[EventType "swiss"]
[EventRounds "6"]
[EventCountry "ITA"]

1. c4 b6 2. d4 e6 3. Nf3 Bb7 4. Nc3 Bb4 5. Bd2 Ne7 6. a3 Bxc3 7. Bxc3 d5 8. e3 O-O 9. Qc2 Nd7 10. c5 c6 11. Bd3 h6 12. b4 b5 13. h4 f5 14. O-O-O Nf6 15. Ne5 Ne4 16. Be1 h5 17. f3 Nf6 18. Bc3 Nd7 19. Nxd7 Qxd7 20. Rdg1 Kf7 21. g4 hxg4 22. fxg4 g6 23. h5 gxh5 24. gxf5 exf5 25. Rxh5 Qe6 26. Rh7+ Ke8 27. Rg2 Ng6 28. Rxb7 Qxe3+ 29. Qd2 Qe6 30. Qe1 Qxe1+ 31. Bxe1 Nf4 32. Bf1 {Nur} 1-0

[Event "7.Città di Padova Open B"]
[Site "Padova"]
[Date "2004.12.19"]
[Round "6.7"]
[White "Vishanji, Adrian"]
[Black "Porta, Federico"]
[Result "0-1"]
[WhiteElo "1440"]
[BlackElo "1799"]
[Annotator "Gabriele Ballarin"]
[PlyCount "90"]
[EventDate "2004.12.11"]
[EventType "swiss"]
[EventRounds "6"]
[EventCountry "ITA"]

1. e4 d5 2. exd5 Qxd5 3. Nc3 Qa5 4. Bc4 Nf6 5. d4 c6 6. Bd2 Qb6 7. Bc1 Bf5 8. Nf3 e6 9. O-O Nbd7 10. b3 Bd6 11. Nh4 Bg4 12. Be2 Bxe2 13. Nxe2 Qc7 14. f4 O-O-O 15. c4 Rhg8 16. c5 Nxc5 17. Qc2 Nce4 18. Nf3 h6 19. h4 Kb8 20. a4 c5 21. Be3 cxd4 22. Qxc7+ Bxc7 23. Bxd4 Nd5 24. Be5 f6 25. Bxc7+ Nxc7 26. Rfd1 Nd5 27. Nfd4 Nxf4 28. Nxf4 e5 29. Nfe6 Rd6 30. Re1 Ng3 31. Re3 exd4 32. Nxd4 Rxd4 33. Rxg3 Rxh4 34. Re1 g5 35. Re7 Rf4 36. Rh7 Rh4 37. Re3 a6 38. Ree7 Rb4 39. Rxh6 f5 40. Rh3 g4 41. Rc3 f4 42. Rf7 Re8 43. Rc1 Re3 44. Rf1 Ree4 45. Kh2 Ka7 {...} 0-1

[Event "7.Città di Padova Open B"]
[Site "Padova"]
[Date "2004.12.19"]
[Round "6.10"]
[White "Gualazzi, Paolo"]
[Black "Facchin, Francesco"]
[Result "1-0"]
[WhiteElo "1697"]
[BlackElo "1440"]
[Annotator "Gabriele Ballarin"]
[PlyCount "91"]
[EventDate "2004.12.11"]
[EventType "swiss"]
[EventRounds "6"]
[EventCountry "ITA"]

1. d4 Nf6 2. c4 e6 3. Nc3 Bb4 4. Qc2 O-O 5. a3 Bxc3+ 6. Qxc3 d5 7. e3 Ne4 8. Qc2 b6 9. Bd3 Bb7 10. Nf3 Nd7 11. O-O c5 12. b4 cxb4 13. axb4 dxc4 14. Bxe4 Bxe4 15. Qxe4 Nf6 16. Qc2 b5 17. e4 Qc7 18. Bg5 Nd7 19. e5 Nb6 20. Bd2 h6 21. Bc3 Nd5 22. g3 a6 23. Nd2 Ra7 24. Ne4 Nxc3 25. Qxc3 Rfa8 26. Nd6 Qb6 27. Ra5 f6 28. f4 fxe5 29. fxe5 Qc6 30. Rf4 Rf8 31. Rxf8+ Kxf8 32. Qe3 Rc7 33. Ra1 c3 34. Rf1+ Kg8 35. Qf4 Qa8 36. Ne4 c2 37. Nc5 Rxc5 38. dxc5 Qd5 39. Qc1 Qd4+ 40. Kg2 Qe4+ 41. Kh3 h5 42. Rf2 Qxb4 43. Qxc2 Qe4 44. c6 Qxe5 45. c7 g6 46. Qxg6+ 1-0

[Event "7.Città di Padova Open B"]
[Site "Padova"]
[Date "2004.12.19"]
[Round "6.20"]
[White "Basset, Sergio"]
[Black "Zabeo, Gianpaolo"]
[Result "1-0"]
[WhiteElo "1790"]
[BlackElo "1440"]
[Annotator "Gabriele Ballarin"]
[PlyCount "63"]
[EventDate "2004.12.11"]
[EventType "swiss"]
[EventRounds "6"]
[EventCountry "ITA"]

1. d4 d5 2. c4 e6 3. Nc3 Nf6 4. Bg5 Be7 5. e3 Nbd7 6. Nf3 O-O 7. Rc1 c6 8. a3 Re8 9. h3 Ne4 10. Bf4 f6 11. Bd3 Bf8 12. Nxe4 dxe4 13. Bxe4 Nb6 14. O-O Bd7 15. Bb1 Rc8 16. Qd3 c5 17. Qxh7+ Kf7 18. Bg6+ Ke7 19. Bxe8 Bxe8 20. dxc5 Rxc5 21. Rfd1 Qc8 22. Bd6+ Kf7 23. Bxc5 Bxc5 24. Qd3 Bc6 25. Nd4 Ke7 26. Nxc6+ Qxc6 27. b4 Qd7 28. Qxd7+ Nxd7 29. Rxd7+ Kxd7 30. bxc5 e5 31. Rd1+ Ke7 32. Rd6 1-0

[Event "65.ITA C.to Provinciale PD"]
[Site "Monselice ITA"]
[Date "2005.01.08"]
[Round "1.9"]
[White "Brugnaro, Luca"]
[Black "Calicchia, Giovanni"]
[Result "0-1"]
[WhiteElo "1371"]
[BlackElo "1811"]
[Annotator "Gabriele Ballarin"]
[PlyCount "72"]
[EventDate "2005.01.08"]
[EventType "swiss"]
[EventRounds "6"]
[EventCountry "ITA"]

1. c4 Nf6 2. Nc3 e5 3. g3 Nc6 4. Bg2 Be7 5. e4 O-O 6. Nge2 d6 7. d3 Bg4 8. f3 Bd7 9. Bg5 h6 10. Be3 Nh7 11. Nd5 Bg5 12. Qd2 Bxe3 13. Qxe3 Ng5 14. h4 Ne6 15. f4 Ned4 16. Nxd4 Nxd4 17. Rc1 c6 18. Nc3 f5 19. O-O Qe7 20. Ne2 Nxe2+ 21. Qxe2 Kh8 22. Kh2 fxe4 23. Bxe4 exf4 24. Qg2 fxg3+ 25. Qxg3 Rf6 26. Rf4 Rxf4 27. Qxf4 Rf8 28. Qg3 Qf6 29. Rg1 Qxb2+ 30. Rg2 Qf6 31. h5 Qf4 32. Bf3 Qxg3+ 33. Rxg3 Rf6 34. Be4 Bf5 35. Bxf5 Rxf5 36. Rg6 Rxh5+ 0-1

[Event "65.ITA C.to Provinciale PD"]
[Site "Monselice ITA"]
[Date "2005.01.08"]
[Round "1.10"]
[White "Nagliati, Paolo"]
[Black "Fracasso Pezzolato, Giacomo"]
[Result "1-0"]
[WhiteElo "1796"]
[BlackElo "1410"]
[Annotator "Gabriele Ballarin"]
[PlyCount "37"]
[EventDate "2005.01.08"]
[EventType "swiss"]
[EventRounds "6"]
[EventCountry "ITA"]

1. e4 b6 2. d4 Bb7 3. Bd3 e6 4. Nd2 Ne7 5. Ngf3 d5 6. e5 Qc8 7. O-O h6 8. Re1 Nd7 9. c3 c5 10. Nf1 c4 11. Bc2 Nf5 12. Bxf5 exf5 13. Nh4 g6 14. e6 fxe6 15. Nxg6 Rg8 16. Nxf8 Nxf8 17. Qh5+ Kd8 18. Qf7 Rh8 19. Qf6+ 1-0

[Event "65.ITA C.to Provinciale PD"]
[Site "Monselice ITA"]
[Date "2005.01.08"]
[Round "1.11"]
[White "Rosina, Graziano"]
[Black "Canazza, Alessandro"]
[Result "1-0"]
[WhiteElo "1966"]
[BlackElo "1778"]
[Annotator "Gabriele Ballarin"]
[PlyCount "132"]
[EventDate "2005.01.08"]
[EventType "swiss"]
[EventRounds "6"]
[EventCountry "ITA"]

1. e4 g6 2. Nf3 Bg7 3. Bc4 d6 4. d4 Nf6 5. Nc3 c6 6. O-O b5 7. Bd3 O-O 8. a3 a6 9. h3 Nbd7 10. Qe2 Nb6 11. Rd1 Qc7 12. Bf4 Bb7 13. e5 Nfd5 14. Nxd5 Nxd5 15. Bg3 Qd7 16. Ng5 dxe5 17. dxe5 e6 18. Ne4 Rfd8 19. Bh4 Rdb8 20. Nf6+ Bxf6 21. exf6 h6 22. Qd2 Kh7 23. g4 c5 24. Bg3 Rd8 25. g5 Qc6 26. Be4 h5 27. h4 Rd7 28. Qe1 Rad8 29. Rd2 c4 30. c3 Qc8 31. Rad1 Nb6 32. Rxd7 Rxd7 33. Rxd7 Qxd7 34. Bxb7 Qxb7 35. Qe5 Kg8 36. Qd6 Nd7 37. Qe7 Qc8 38. Bd6 Nb6 39. Qa7 Na4 40. Kf1 Nxb2 41. Ke2 Na4 42. Bb4 Nb2 43. Bd6 Nd3 44. Qc7 Qxc7 45. Bxc7 Kf8 46. Ke3 Ke8 47. Bd6 Kd7 48. Be7 Kc6 49. f3 Kd5 50. f4 Ne1 51. Kf2 Nc2 52. Kf3 e5 53. fxe5 Kxe5 54. Bf8 Ne1+ 55. Kf2 Nd3+ 56. Kf3 Nf4 57. Bb4 Nd5 58. Ba5 Kf5 59. Bb4 Nc7 60. Bd6 Ne8 61. Ke3 Ke6 62. Be7 Nd6 63. Bxd6 Kxd6 64. Kd4 a5 65. Ke4 Kc5 66. Ke5 b4 1-0

[Event "65.ITA C.to Provinciale PD"]
[Site "Monselice ITA"]
[Date "2005.01.09"]
[Round "2.5"]
[White "Demiraj, Rumi"]
[Black "Rosina, Graziano"]
[Result "1-0"]
[WhiteElo "1967"]
[BlackElo "1966"]
[Annotator "Gabriele Ballarin"]
[PlyCount "49"]
[EventDate "2005.01.08"]
[EventType "swiss"]
[EventRounds "6"]
[EventCountry "ITA"]

1. Nf3 d5 2. c4 d4 3. e3 dxe3 4. fxe3 Nc6 5. Nc3 e5 6. d4 exd4 7. exd4 Bb4 8. Bd2 Nf6 9. d5 Bxc3 10. Bxc3 Qe7+ 11. Be2 Nd8 12. O-O O-O 13. Bd3 Qe3+ 14. Kh1 Ng4 15. Bd4 Qh6 16. Qe1 c6 17. h3 cxd5 18. cxd5 b6 19. Kg1 Nf6 20. Bxf6 Qxf6 21. Qd2 Nb7 22. Bxh7+ Kh8 23. Rae1 Nd6 24. Ng5 Qh6 25. Qf4 1-0

[Event "65.ITA C.to Provinciale PD"]
[Site "Monselice ITA"]
[Date "2005.01.09"]
[Round "2.11"]
[White "Pomaro, Alberto"]
[Black "Brugnaro, Luca"]
[Result "1-0"]
[WhiteElo "1757"]
[BlackElo "1371"]
[Annotator "Gabriele Ballarin"]
[PlyCount "97"]
[EventDate "2005.01.08"]
[EventType "swiss"]
[EventRounds "6"]
[EventCountry "ITA"]

1. d4 Nf6 2. c4 g6 3. Nc3 Bg7 4. e4 d6 5. Nf3 O-O 6. Be2 e5 7. d5 Na6 8. Bg5 Qe8 9. O-O Nc5 10. Nd2 Bd7 11. b4 Ba4 12. Qb1 Na6 13. Rc1 Bd7 14. a3 c6 15. h3 h5 16. Bxf6 Bxf6 17. Qd3 Kg7 18. dxc6 bxc6 19. Qxd6 Rd8 20. Qd3 Bg5 21. Rd1 f5 22. Qc2 f4 23. Nf3 Bh6 24. Rd6 g5 25. Nh2 g4 26. hxg4 Bxg4 27. Rxd8 Qxd8 28. Qd1 f3 29. Qxd8 Rxd8 30. Bxf3 Bxf3 31. Nxf3 Kf6 32. Kf1 Nc7 33. Ke2 Ne6 34. g3 Ng5 35. Nxg5 Bxg5 36. Rd1 Ke7 37. Rxd8 Kxd8 38. Kd3 Bc1 39. a4 Kc7 40. b5 c5 41. Nd5+ Kb7 42. a5 Bg5 43. a6+ Kc8 44. f4 exf4 45. gxf4 Bd8 46. f5 Kd7 47. b6 axb6 48. Nxb6+ Bxb6 49. a7 1-0

[Event "65.ITA C.to Provinciale PD"]
[Site "Monselice ITA"]
[Date "2005.01.09"]
[Round "2.12"]
[White "Fracasso Pezzolato, Giacomo"]
[Black "Quaranta, Gaetano"]
[Result "0-1"]
[WhiteElo "1410"]
[BlackElo "1751"]
[Annotator "Gabriele Ballarin"]
[PlyCount "60"]
[EventDate "2005.01.08"]
[EventType "swiss"]
[EventRounds "6"]
[EventCountry "ITA"]

1. d4 Nf6 2. c4 g6 3. Nc3 Bg7 4. Nf3 O-O 5. e4 d6 6. Be3 Nbd7 7. Be2 Ng4 8. Qd2 Nxe3 9. Qxe3 e5 10. d5 a5 11. O-O Nc5 12. a3 a4 13. Nd2 f5 14. f4 exf4 15. Qxf4 Bd4+ 16. Kh1 Be5 17. Qe3 f4 18. Qf3 Bg7 19. Rab1 h5 20. h3 Qh4 21. Qf2 Qe7 22. Bf3 Nd3 23. Qe2 Ne5 24. Nb5 c6 25. Nd4 Bd7 26. Rg1 Ng4 27. Rgf1 Ne3 28. Rf2 Bxd4 29. Bxh5 gxh5 30. Qxh5 Nxc4 0-1